00817 2200277 4500001002100000005001500021035002000036007000300056008004100059245012600100260003200226300004700258082001100305084001700316856003400333020000600367650001400373650001500387650001700402650001200419650000900431250000600440110005800446700001900504990001600523INLIS00000000000131120260424103632 a0010-0426000009ta260424 g 0 ind 1 aStatistik Perkebunan 2024-2026 Jilid 1 Volume 1 :bStatistics of Estate Crops 2024-2026 /cPenyusun, Eko Pudjianto, et al aJakarta :bDitjenbun,c2026 axlix+1090 hlm. :btab., ills ;c17 x 25 cm a31:633 a31:633 DIR s aPerpustakaan Sekretariat BRMP a- 4aPertanian 4aPerkebunan 4aKelapa sawit 4aCengkeh 4aLada a10 aDIREKTORAT Jenderal Perkebunan- Kementerian Pertanian0 aPudjianto, Eko a3530/2026/B